| 000 | 00444nam a22001817a 4500 | ||
|---|---|---|---|
| 003 | MPLRDC | ||
| 005 | 20220104123639.0 | ||
| 008 | 210129b ||||| |||| 00| 0 eng d | ||
| 020 | _a7-5009-1175-0 | ||
| 082 | _a528.956 SPR | ||
| 100 | _a苏丕仁编著 | ||
| 245 |
_a乒乓球教学与训练 _c |
||
| 250 | _a一版二刷 | ||
| 260 |
_a _b人民体育出版社 _c1996 |
||
| 300 | _b平 | ||
| 650 | _a乒乓球 | ||
| 942 |
_cBK _o528.956 SPR |
||
| 999 |
_c13066 _d13056 |
||